| 000 | 00642nam a2200241Ia 4500 | ||
|---|---|---|---|
| 005 | 20260430150125.0 | ||
| 008 | 008 250103s9999 xx 000 0 eng d | ||
| 037 | _aTheses | ||
| 040 | _aCRL | ||
| 040 | _beng | ||
| 040 | _ceng | ||
| 041 | _2eng | ||
| 041 | _aeng | ||
| 084 | _qCRL | ||
| 100 |
_aSandhu Manmeet Au.; Jigeeshu Kumar Gu. _91236533 |
||
| 245 | 0 | _aEphemera and ephemeral as material in Indian contemporary art | |
| 260 | _c2022 | ||
| 300 | _a402p. | ||
| 650 | _aMusic | ||
| 700 |
_aUniversity of Delhi. Faculty of Music and Fine Arts. Department of Fine Arts _9527695 |
||
| 942 | _cTH | ||
| 999 |
_c1849004 _d1849004 |
||